Flüsse der Welt - Statistiken

Allgemein
  • Dieses Quiz wurde 103 mal gespielt
  • Das Durchschnittsergebnis liegt bei 45 aus 50
Antworten auf der Karte
Die Antworten werden auf der Karte rot bzw. grün angezeigt, abhängig davon wie oft sie richtig erraten wurden.
 
Antwortstatistiken
Fluss Länder % Korrekt
Nil Ägypten
99%
Amazonas Brasilien
99%
Rio Parana Brasilien
99%
Niger Niger
99%
Donau Deutschland
98%
Kongo D.R. Kongo
98%
Indus Indien
98%
Ganges Indien
98%
Donau Österreich
98%
Mekong China
96%
Irtysch China
96%
Indus China
96%
Amazonas Peru
96%
Kongo Republik Kongo
96%
Donau Ungarn
96%
Niger Nigeria
95%
Donau Rumänien
95%
Donau Serbien
95%
Nil Sudan
94%
Mekong Kambodscha
94%
Amazonas Kolumbien
94%
Orinoco Kolumbien
94%
Donau Slowakei
94%
Mekong Vietnam
94%
Rio Parana Argentinien
93%
Mekong Thailand
93%
Donau Bulgarien
92%
Mekong Myanmar
92%
Rio Parana Paraguay
92%
Irtysch Russland
92%
Nil Südsudan
92%
Indus Pakistan
91%
Mekong Laos
89%
Euphrat Türkei
89%
Nil Uganda
88%
Euphrat Irak
87%
Donau Kroatien
87%
Nil Ruanda
87%
Orinoco Venezuela
86%
Niger Mali
85%
Irtysch Kasachstan
84%
Donau Moldawien
84%
Donau Ukraine
84%
Euphrat Syrien
82%
Nil Tansania
81%
Kongo Angola
74%
Nil Burundi
74%
Niger Benin
68%
Niger Guinea
66%
Ganges Bangladesch
13%
Keine übereinstimmenden Quizze gefunden
Verteilung der Resultate
Anzahl Personen mit jedem Resultat
Perzentil nach korrekt beantworteten Fragen
Ihre Resultats-Entwicklung
Sie haben dieses Quiz noch nicht gespielt